Rois de l’Empire achéménide - Statistiques

Statistiques générales
  • Ce quiz a été pris 30 fois
  • Le résultat moyen est 8 sur 13
Statistiques - réponses
Date Réponse % Correct
559–529 av. J.-C Cyrus le Grand
96%
521-486 av. J.-C Darius I
85%
424-404 av. J.-C Darius II
81%
486-465 av. J.-C Xerxès I
81%
336-330 av. J.-C Darius III
77%
465-424 av. J.-C Artaxerxès I
69%
404-358 av. J.-C Artaxerxès II
65%
424-424 av. J.-C Xerxès II
62%
358-338 av. J.-C Artaxerxès III
50%
338-336 av. J.-C Arsès
38%
529-522 av. J.-C Cambyse II
38%
522-522 av. J.-C Bardiya
15%
424-424 av. J.-C Sogdianos
12%
Aucun quiz correspondant
Distribution des résultats
% des personnes avec chaque résultat
Percentile par nombre de réponses
Votre historique - résultats
Vous n’avez pas pris ce quiz